000 00892nam a2200205Ia 4500
005 20240530110954.0
008 140319s2008 xx 000 0 ara d
040 _aGCL /
_cGCL
082 0 4 _a657.48 /
_bا م
100 1 _aاحمد محمد نور
245 1 0 _aمبادئ المحاسبة المالية :
_bالمبادئ والمفاهيم والاجراءات المحاسبية طبقا لمعايير المحاسبة الدولية والمصرية /
_cتاليف احمد محمد نور ، شحاته السيد
260 _aالاسكندرية :
_bالدار الجامعية،
_c2008
300 _a469 ص؛
_c24 سم
650 0 4 _aالمحاسبة
650 0 4 _aالشركات - محاسبة
650 0 4 _aالمحاسبة المالية
700 _aشحاته السيد
_eمؤلف مشارك
942 _2ddc
_cBK
999 _c67052
_d67052